Benson Boone Fill in the Lyrics - Statistics

General Stats
  • This quiz has been taken 226 times
  • The average score is 8 of 16
Answer Stats
Answer % Correct
Beautiful Things Than the last four {cold Decembers} I recall
84%
In The Stars I don't wanna say goodbye, {cause this one means forever}
74%
Ghost Town Maybe you'd be {happier} with someone else
71%
Beautiful Things Please stay I want you, I need you, oh God Don't take {These beautiful things that I've got}
68%
Slow It Down And they flicker to the future, {for a moment I could picture}
60%
Pretty Slowly And it started pretty slowly Oh, {when you asked about the old me}
56%
Be Someone Long brown hair that your mom doesn't like You got a {moon tattoo} that you don't even hideYou're so unusual Haven't met someone like you before
54%
Little Runaway Won't you come and we could stare at the {stars} And look at the comets from the roof of my {car}
48%
Before You And from the moment I looked In those {dark brown eyes} I can't remember life Before you
47%
Love Someone {Is this what it feels like} to love someone?
47%
My Greatest Fear Oh, I'm terrified of {the day that I die}
46%
There She Goes There she goes Like I've {never been alone} Like I've had it all along
44%
Slow It Down Bout your big dreams on the big screens Out of Georgia, {now you're lonely in this city}
43%
Drunk In My Mind Like we never {danced} in the dark, never {kissed} in the park
36%
Friend I'm trying to remember what it's like {To be young and alive}
32%
Death Wish Love {I love you} and I'll love you to death
31%
No matching quizzes found
Score Distribution
Percent of People with Each Score
Percentile by Number Answered
Your Score History
You have not taken this quiz